Textos y ejercicios para el estudio de la literatura / (Record no. 188030)
[ view plain ]
| 000 -LEADER | |
|---|---|
| campo de control de longitud fija | 00769nam a2200193 i 4500 |
| 001 - NÚMERO DE CONTROL | |
| campo de control | 188030 |
| 003 - IDENTIFICADOR DE NÚMERO DE CONTROL | |
| campo de control | SpMaBN |
| 005 - FECHA Y HORA DE LA ÚLTIMA TRANSACCIÓN | |
| campo de control | 20230906223103.0 |
| 008 - DATOS DE LONGITUD FIJA--INFORMACIÓN GENERAL | |
| campo de control de longitud fija | 180412s1925 sp |||| | spa d |
| 245 00 - MENCIÓN DEL TÍTULO | |
| Título | Textos y ejercicios para el estudio de la literatura / |
| Mención de responsabilidad, etc. | anotados por José Rogerio Sánchez [y García]. |
| 250 ## - MENCION DE EDICION | |
| Mención de edición | 2ª ed. |
| 260 ## - PUBLICACIÓN, DISTRIBUCIÓN, ETC. | |
| Lugar de publicación, distribución, etc. | Madrid : |
| Nombre del editor, distribuidor, etc. | Lib. de los Sucesores de Hernando, |
| Fecha de publicación, distribución, etc. | 1925 ( |
| Fabricante | Imp. de la Enseñanza) |
| 300 ## - DESCRIPCIÓN FÍSICA | |
| Extensión | 415, VI p. ; |
| Dimensiones | 20 cm. |
| 500 ## - NOTA GENERAL | |
| Nota general | Índice de autores u obras. |
| 650 ## - PUNTO DE ACCESO ADICIONAL DE MATERIA--TÉRMINO DE MATERIA | |
| Término de materia o nombre geográfico como elemento de entrada | Literatura- |
| Subdivisión general | Historia y crítica. |
| 9 (RLIN) | 14489 |
| 700 1# - ENTRADA AGREGADA--NOMBRE PERSONAL | |
| Nombre de persona | Sánchez, José Rogerio, |
| Fechas asociadas al nombre | 1876-1949 |
| 9 (RLIN) | 102387 |
| 852 ## - LOCALIZACIÓN | |
| Ubicación | ES-MaACL |
| Número de control de estantería | L-31916 |
| Nota libre | - Enc. cart. |
| -- | . - Donat. herederos de la bibl. de Mª del Pilar Costa Palacín |
| Estatus retirado | Estado de pérdida | Estado de daño | No para préstamo | Biblioteca de origen | Biblioteca actual | Ubicación en estantería | Fecha de adquisición | Fuente de adquisición | Total de préstamos | Signatura topográfica completa | Código de barras | Visto por última vez | Precio de reemplazo | Tipo de ítem Koha |
|---|---|---|---|---|---|---|---|---|---|---|---|---|---|---|
| Biblioteca del Ateneo de Madrid | Biblioteca del Ateneo de Madrid | Depósito 2 | 12/04/2018 | L-31916 | 1198696 | 23/02/2023 | 23/02/2023 | Libro impreso |
